[Event "EU-ch U16 31st"]
[Site "Mamaia"]
[Date "2023.09.14"]
[Round "9"]
[White "Nemec, Jachym"]
[Black "Gasparyan, Erik R"]
[Result "1-0"]
[WhiteElo "2332"]
[BlackElo "2302"]
[PlyCount "85"]
[EventDate "2023.09.05"]
[EventType "swiss"]
[EventRounds "9"]
[EventCountry "ROU"]
[SourceTitle "EXT 2024"]
[Source "ChessBase"]
[SourceDate "2023.10.10"]
[SourceVersion "1"]
[SourceVersionDate "2023.10.10"]
[SourceQuality "1"]

1. d4 Nf6 2. c4 e6 3. Nf3 b6 4. g3 Bb7 5. Bg2 Be7 6. 0-0 0-0 7. Re1 Na6 8. Nc3 Ne4 9. Bd2 d6 10. Rc1 f5 11. h4 h6 12. a3 c5 13. d5 Nxd2 14. Nxd2 e5 15. e3 Bc8 16. Rb1 Bd7 17. b4 Qe8 18. Bh3 Rd8 19. Kg2 Kh8 20. h5 Bg5 21. g4 g6 22. Rh1 Qf7 23. hxg6 Qxg6 24. gxf5 Bxf5 25. Bxf5 Qxf5 26. Nde4 Bxe3 27. Qh5 Rg8+ 28. Kf1 Qf8 29. Rh3 Bf4 30. Ne2 Kh7 31. Qh4 Rg6 32. Nxf4 exf4 33. Ng5+ Rxg5 34. Qxg5 Re8 35. Qg4 Qf6 36. Rf3 Rf8 37. b5 Nb8 38. Re1 Rf7 39. Qe6 Qg7 40. Qe4+ Kh8 41. Rxf4 Nd7 42. Rxf7 Qxf7 43. Qe8+ 1-0

[Event "World ol U16"]
[Site "Eindhoven"]
[Date "2023.08.16"]
[Round "6.2"]
[White "Gasparyan, Erik R"]
[Black "Palczert, Matyas"]
[Result "0-1"]
[WhiteElo "2324"]
[BlackElo "2340"]
[PlyCount "142"]
[EventDate "2023.08.13"]
[EventType "team-swiss"]
[EventRounds "9"]
[EventCountry "NED"]
[SourceTitle "CBM 215 Extra"]
[Source "ChessBase"]
[SourceDate "2023.09.30"]
[SourceVersion "1"]
[SourceVersionDate "2023.09.30"]
[SourceQuality "1"]
[WhiteTeam "Armenia"]
[BlackTeam "Hungary"]
[WhiteTeamCountry "ARM"]
[BlackTeamCountry "HUN"]

1. c4 c5 2. Nf3 Nc6 3. Nc3 e5 4. g3 g6 5. Bg2 Bg7 6. d3 Nge7 7. a3 0-0 8. 0-0 d5 9. cxd5 Nxd5 10. Bd2 Nxc3 11. Bxc3 Be6 12. Rc1 Rc8 13. Qa4 a6 14. b4 cxb4 15. axb4 Qd7 16. Rfd1 Rfd8 17. Qa3 e4 18. Ne1 Bxc3 19. Qxc3 Nd4 20. Qb2 Rxc1 21. Rxc1 Bg4 22. Bf1 exd3 23. Nxd3 Bxe2 24. Bxe2 Nxe2+ 25. Qxe2 Qxd3 26. Qxd3 Rxd3 27. b5 axb5 28. Rc7 b4 29. Rxb7 b3 30. Kf1 g5 31. h3 Kg7 32. Rb6 h5 33. Ke2 Rc3 34. Kd2 Rc2+ 35. Ke3 b2 36. f4 gxf4+ 37. Kxf4 f6 38. Rb5 Kf7 39. Rb6 Kg6 40. Rb5 Rf2+ 41. Ke3 Rh2 42. Kf4 Rc2 43. Kf3 Kf7 44. Rb6 Ke7 45. Ke4 Kd7 46. Kf5 Kc7 47. Rb3 Kc6 48. Kxf6 Kd5 49. g4 h4 50. g5 Kc4 51. Rb8 Rf2+ 52. Kg6 Kc3 53. Kh7 Rf3 54. g6 Rxh3 55. g7 Rg3 56. Rc8+ Kd2 57. Rb8 Kc2 58. Rc8+ Kb1 59. Rc6 h3 60. Rg6 h2 61. Rxg3 h1Q+ 62. Kg6 Qe4+ 63. Kg5 Qd5+ 64. Kh6 Qg8 65. Rf3 Ka2 66. Rf2 Ka1 67. Rf8 Qe6+ 68. Kh5 Qd5+ 69. Kh6 Qe6+ 70. Kh5 b1Q 71. Ra8+ Qba2 0-1

[Event "Yerevan Yeghiazaryan Memorial"]
[Site "Yerevan"]
[Date "2023.08.02"]
[Round "2"]
[White "Gasparyan, Erik R"]
[Black "Kosakowski, Jakub"]
[Result "0-1"]
[WhiteElo "2324"]
[BlackElo "2480"]
[PlyCount "102"]
[EventDate "2023.08.01"]
[EventType "tourn"]
[EventRounds "9"]
[EventCountry "ARM"]
[EventCategory "6"]
[SourceTitle "CBM 215 Extra"]
[Source "ChessBase"]
[SourceDate "2023.09.30"]
[SourceVersion "1"]
[SourceVersionDate "2023.09.30"]
[SourceQuality "1"]

1. e4 c6 2. d4 d5 3. e5 Bf5 4. Nf3 e6 5. Be2 Nd7 6. 0-0 a5 7. Be3 a4 8. Ne1 h5 9. Bd3 Ne7 10. Nd2 Bxd3 11. Nxd3 Nf5 12. c4 Be7 13. b4 dxc4 14. Nxc4 Nb6 15. Nxb6 Qxb6 16. a3 h4 17. Nc5 Qb5 18. Qc2 0-0 19. g4 hxg3 20. hxg3 Rfd8 21. Rfd1 b6 22. Ne4 Rac8 23. Rac1 Qd5 24. Nc3 Qf3 25. Rd3 c5 26. Bg5 Bxg5 27. Rxf3 Nxd4 28. Qe4 Nxf3+ 29. Qxf3 Bxc1 30. Nxa4 cxb4 31. axb4 b5 32. Nc5 Rd5 33. Qe2 Bd2 34. Qxb5 Bxb4 35. Qxb4 Rdxc5 36. Qe4 Rd5 37. Qe2 Rcc5 38. f4 Rc3 39. Kf2 Rdd3 40. g4 Rh3 41. Qa6 Rc2+ 42. Kg1 Rhh2 43. Qa8+ Kh7 44. Qe4+ g6 45. f5 Rhe2 46. Qh1+ Kg8 47. Qa8+ Kg7 48. Kf1 Rf2+ 49. Kg1 Rfd2 50. f6+ Kh6 51. Qa1 Rg2+ 0-1

[Event "Tsaghkadzor ChessMood op"]
[Site "Tsaghkadzor"]
[Date "2022.10.06"]
[Round "7"]
[White "Lobanov, Sergei"]
[Black "Gasparyan, Erik R"]
[Result "1-0"]
[WhiteElo "2535"]
[BlackElo "2246"]
[PlyCount "84"]
[EventDate "2022.09.30"]
[EventType "swiss"]
[EventRounds "9"]
[EventCountry "ARM"]
[SourceTitle "CBM 210 Extra"]
[Source "ChessBase"]
[SourceDate "2022.11.30"]
[SourceVersion "1"]
[SourceVersionDate "2022.11.30"]
[SourceQuality "1"]

1. e4 c6 2. Nf3 d5 3. d3 Bg4 4. h3 Bh5 5. Qe2 Bxf3 6. Qxf3 e6 7. g3 Nf6 8. Bg2 Be7 9. 0-0 0-0 10. Re1 Nbd7 11. Qe2 dxe4 12. dxe4 e5 13. Nd2 Qc7 14. a4 Nc5 15. Nc4 Rfd8 16. Bd2 Ne6 17. Rec1 Nd7 18. b4 Bg5 19. Ne3 Nd4 20. Qe1 Qd6 21. h4 Bh6 22. Ra3 Nf8 23. Rd3 Qe6 24. Nf5 Nxf5 25. exf5 Qxf5 26. Bxh6 gxh6 27. b5 cxb5 28. Bxb7 Rxd3 29. Bxa8 Rd8 30. Be4 Qd7 31. axb5 Qxb5 32. c4 Qc5 33. Bd5 Nd7 34. Rd1 Re8 35. Qd2 Kg7 36. Bxf7 Re7 37. Bd5 Nf6 38. Ra1 e4 39. Ra6 Rd7 40. Qf4 Qd4 41. Rxf6 Qa1+ 42. Kg2 e3 1-0